| 000 | 00477nam a2200169Ia 4500 | ||
|---|---|---|---|
| 008 | 220216s9999 xx 000 0 und d | ||
| 100 | _aNicole Michael R | ||
| 245 | 0 | _aPectin degradation during root decay of rubber trees by Rigidoporus lignosus | |
| 260 |
_bCanadian Journal of Botany _c1993 |
||
| 300 | _a370-378 | ||
| 500 | _aSource Year: 1993 | ||
| 650 | _aRigidoporus lignosus | ||
| 650 | _aRubber trees | ||
| 700 | _aNicole Benhamou | ||
| 856 | _uBA | ||
| 942 | _cJS | ||
| 999 |
_c64661 _d64661 |
||